IUP Journal of Bank Management

Bibliographic Details
Format: Unknown
Language:English
Subjects:
Online Access:Acceso restringido

MARC

LEADER 00000ny a22000003n 4500
005 20110516113029.0
008 101004s19uu9999ii qr p 0 0 |eng d
022 |a 0972-6918 
035 |a 5171 
040 |a BUS  |d vLex 
090 |c 1941  |d 1941 
245 3 0 |a IUP Journal of Bank Management  |h [Recurso electrn̤ico] 
256 |a Servicio en ln̕ea 
310 |a Cuatrimestral 
506 1 |a Contenido solo disponible en los productos indicados  |d vLex Global  |d vLex Global (Academic Edition, excluding Law Schools)  |d vLex Global (U.S. Academic Edition, excluding Law Schools) 
650 0 4 |a Bancos  |2 Tesauro vLex 
650 0 4 |a Finanzas  |2 Tesauro vLex 
740 0 |a vLex Revista (Servicios en ln̕ea) 
843 |a Electrn̤ica. Abierta 
853 |8 1  |i (year)  |j (month)  |k (day) 
856 4 0 |z Acceso restringido  |u http://vlex.com/account/login_ip?fuente_id=5171 
942 |c REV 
999 4 |a Revistas electrÃ℗đnicas.